000 00556nam a2200181 i 4500
001 98392
003 ES-MaACL
005 20230906182256.0
007 t|
008 050728s1960 sp ||||1| spa d
100 1 _aMartí Soro, José.
_977240
245 1 0 _aHistoria de Villanueva de Castellón /
_cJosé Martí Soro.
260 _aValencia :
_b[J. Martí Soro],
_c1960 (
_fImp. Nacher)
300 _aXL, 452 p. ;
_c22 cm.
504 _aBibliografía: p. 445-451.
651 4 _aVillanueva de Castellón-
_xHistoria.
_9173019
852 _aES-MaACL
_jC-21306
999 _c98392
_d98392